Top 5 cities by Population - South America #4 - Statistics

General Stats
  • This quiz has been taken 10 times
  • The average score is 9 of 15
Answer Stats
Hint Answer % Correct
Argentina Buenos Aires
100%
Uruguay Montevideo
100%
Chile Santiago
100%
Argentina Cordoba
88%
Argentina Rosario
75%
Chile Valparaiso
75%
Chile Antofagasta
63%
Argentina Mendoza
63%
Argentina San Miguel de Tucuman
63%
Uruguay Paysandu
50%
Uruguay Salto
50%
Uruguay Las Piedras
25%
Uruguay Rivera
25%
Chile Vina del Mar
25%
Chile Puente Alto
13%
No matching quizzes found
Score Distribution
Percent of People with Each Score
Percentile by Number Answered
Your Score History
You have not taken this quiz